<?xml version="1.0" encoding="UTF-8"?>
<record
    xmlns:xsi="http://www.w3.org/2001/XMLSchema-instance"
    xsi:schemaLocation="http://www.loc.gov/MARC21/slim http://www.loc.gov/standards/marcxml/schema/MARC21slim.xsd"
    xmlns="http://www.loc.gov/MARC21/slim">

  <leader>01547nam a2200253 a 4500</leader>
  <controlfield tag="001">85396</controlfield>
  <controlfield tag="003">BD-RjUL</controlfield>
  <controlfield tag="005">20250731154539.0</controlfield>
  <controlfield tag="008">250731s2024    bg ||||| m||| 00| 0 ben d</controlfield>
  <datafield tag="035" ind1=" " ind2=" ">
    <subfield code="a">(BD-RjUL)85396</subfield>
  </datafield>
  <datafield tag="040" ind1=" " ind2=" ">
    <subfield code="a">BD-RjUL</subfield>
    <subfield code="b">ben /eng</subfield>
    <subfield code="c">BD-RjUL</subfield>
    <subfield code="d">BD-RjUL</subfield>
  </datafield>
  <datafield tag="041" ind1=" " ind2=" ">
    <subfield code="a">ben</subfield>
  </datafield>
  <datafield tag="082" ind1=" " ind2=" ">
    <subfield code="a">892.7054</subfield>
    <subfield code="b">HAB 2024</subfield>
    <subfield code="2">23</subfield>
  </datafield>
  <datafield tag="100" ind1=" " ind2=" ">
    <subfield code="a">&#x986;&#x9B2;&#x9C0;, &#x9B9;&#x9BE;&#x9B6;&#x9C7;&#x9AE; </subfield>
    <subfield code="9">16384</subfield>
  </datafield>
  <datafield tag="245" ind1="1" ind2="0">
    <subfield code="a">&#x9AC;&#x9BF;&#x982;&#x9B6; &#x9B6;&#x9A4;&#x9BE;&#x9AC;&#x9CD;&#x9A6;&#x9C0;&#x9A4;&#x9C7; &#x9AD;&#x9BE;&#x9B0;&#x9A4;&#x9C0;&#x9AF;&#x9BC; &#x989;&#x9AA;&#x9AE;&#x9B9;&#x9BE;&#x9A6;&#x9C7;&#x9B6;&#x9C7; &#x986;&#x9B0;&#x9AC;&#x9C0; &#x9AD;&#x9BE;&#x9B7;&#x9BE; &#x993; &#x9B8;&#x9BE;&#x9B9;&#x9BF;&#x9A4;&#x9CD;&#x9AF;&#x99A;&#x9B0;&#x9CD;&#x99A;&#x9BE; =( Practice of Arabic Language and Literature in the Twentieth Century Indian Subcontinent) /</subfield>
    <subfield code="c">&#x9B9;&#x9BE;&#x9B6;&#x9C7;&#x9AE; &#x986;&#x9B2;&#x9C0; ;</subfield>
    <subfield code="6">&#x9A4;&#x9A4;&#x9CD;&#x9A4;&#x9CD;&#x9AC;&#x9BE;&#x9AC;&#x9A7;&#x9BE;&#x9AF;&#x9BC;&#x995; : &#x987;&#x9AB;&#x9A4;&#x9BF;&#x996;&#x9BE;&#x9B0;&#x9C1;&#x9B2; &#x986;&#x9B2;&#x9AE; &#x9AE;&#x9BE;&#x9B8;&#x989;&#x9A6;</subfield>
  </datafield>
  <datafield tag="246" ind1=" " ind2=" ">
    <subfield code="a">Practice of Arabic Language and Literature in the Twentieth Century Indian Subcontinent</subfield>
  </datafield>
  <datafield tag="260" ind1=" " ind2=" ">
    <subfield code="a">&#x9B0;&#x9BE;&#x99C;&#x9B6;&#x9BE;&#x9B9;&#x9C0; :</subfield>
    <subfield code="b">&#x986;&#x9B0;&#x9AC;&#x9C0; &#x9AC;&#x9BF;&#x9AD;&#x9BE;&#x997;, &#x9B0;&#x9BE;&#x99C;&#x9B6;&#x9BE;&#x9B9;&#x9C0; &#x9AC;&#x9BF;&#x9B6;&#x9CD;&#x9AC;&#x9AC;&#x9BF;&#x9A6;&#x9CD;&#x9AF;&#x9BE;&#x9B2;&#x9AF;&#x9BC;,</subfield>
    <subfield code="c">&#x9E8;&#x9E6;&#x9E8;&#x9EA;</subfield>
  </datafield>
  <datafield tag="300" ind1=" " ind2=" ">
    <subfield code="a">xxii, &#x9E7;&#x9ED;&#x9EB; &#x9AA;&#x9BE;&#x9A4;&#x9BE; ;</subfield>
    <subfield code="c">&#x9E8;&#x9EF; &#x9B8;&#x9C7;&#x9AE;&#x9BF;.</subfield>
  </datafield>
  <datafield tag="502" ind1=" " ind2=" ">
    <subfield code="a">&#x9A5;&#x9BF;&#x9B8;&#x9BF;&#x9B8; (&#x9AA;&#x9BF;&#x98F;&#x987;&#x99A;. &#x9A1;&#x9BF;.) -- &#x986;&#x9B0;&#x9AC;&#x9C0; &#x9AC;&#x9BF;&#x9AD;&#x9BE;&#x997;, &#x9B0;&#x9BE;&#x99C;&#x9B6;&#x9BE;&#x9B9;&#x9C0; &#x9AC;&#x9BF;&#x9B6;&#x9CD;&#x9AC;&#x9AC;&#x9BF;&#x9A6;&#x9CD;&#x9AF;&#x9BE;&#x9B2;&#x9AF;&#x9BC;, &#x9E8;&#x9E6;&#x9E8;&#x9EA;</subfield>
  </datafield>
  <datafield tag="504" ind1=" " ind2=" ">
    <subfield code="a">&#x997;&#x9CD;&#x9B0;&#x9A8;&#x9CD;&#x9A5;&#x9AA;&#x99E;&#x9CD;&#x99C;&#x9C0; : &#x9AA;&#x9BE;&#x9A4;&#x9BE; &#x9E7;&#x9EC;&#x9EA;-&#x9E7;&#x9ED;&#x9EB;</subfield>
  </datafield>
  <datafield tag="650" ind1=" " ind2=" ">
    <subfield code="a">Arabic Literature</subfield>
    <subfield code="z">Indian Subcontinent</subfield>
    <subfield code="9">16387</subfield>
  </datafield>
  <datafield tag="700" ind1=" " ind2=" ">
    <subfield code="a">&#x9AE;&#x9BE;&#x9B8;&#x989;&#x9A6;, &#x987;&#x9AB;&#x9A4;&#x9BF;&#x996;&#x9BE;&#x9B0;&#x9C1;&#x9B2; &#x986;&#x9B2;&#x9AE;, &#x9A4;&#x9A4;&#x9CD;&#x9A4;&#x9CD;&#x9AC;&#x9BE;&#x9AC;&#x9A7;&#x9BE;&#x9AF;&#x9BC;&#x995;</subfield>
    <subfield code="9">1549</subfield>
  </datafield>
  <datafield tag="942" ind1=" " ind2=" ">
    <subfield code="2">ddc</subfield>
    <subfield code="c">THE</subfield>
  </datafield>
  <datafield tag="999" ind1=" " ind2=" ">
    <subfield code="c">85396</subfield>
    <subfield code="d">85396</subfield>
  </datafield>
  <datafield tag="952" ind1=" " ind2=" ">
    <subfield code="1">0</subfield>
    <subfield code="2">ddc</subfield>
    <subfield code="4">0</subfield>
    <subfield code="7">1</subfield>
    <subfield code="8">THESES</subfield>
    <subfield code="a">RUCL</subfield>
    <subfield code="b">RUCL</subfield>
    <subfield code="c">Doc/The</subfield>
    <subfield code="d">2025-07-30</subfield>
    <subfield code="e">Controller of Examination Office, University of Rajshahi, Rajshahi.</subfield>
    <subfield code="l">0</subfield>
    <subfield code="o">BTHE 892.7054 HAB 2024</subfield>
    <subfield code="p">D5185</subfield>
    <subfield code="r">2025-07-31 00:00:00</subfield>
    <subfield code="t">C-1</subfield>
    <subfield code="y">THE</subfield>
  </datafield>
</record>
